Győr-Moson-Sopron megye települései - Statistics

General Stats
  • This quiz has been taken 40 times
  • The average score is 51 of 182
Answer Stats
Válaszok % Correct
Győr
100%
Sopron
93%
Mosonmagyaróvár
90%
Abda
80%
Csorna
77%
Kapuvár
73%
Fertőszentmiklós
67%
Győrújbarát
67%
Tét
67%
Fertőd
63%
Győrzámoly
63%
Lébény
63%
Jánossomorja
60%
Hegyeshalom
57%
Pér
57%
Dunakiliti
53%
Enese
53%
Kóny
53%
Mosonszentmiklós
53%
Pannonhalma
53%
Vitnyéd
53%
Beled
50%
Farád
50%
Kimle
50%
Nyúl
50%
Rajka
50%
Hédervár
47%
Ikrény
47%
Öttevény
47%
Rábapatona
47%
Szárföld
47%
Szil
47%
Veszkény
47%
Dunaszeg
43%
Gönyű
43%
Győrszemere
43%
Győrújfalu
43%
Halászi
43%
Lipót
43%
Rábatamási
43%
Bőny
40%
Bősárkány
40%
Darnózseli
40%
Győrladamér
40%
Levél
40%
Mosonszolnok
40%
Osli
40%
Ásványráró
37%
Écs
37%
Fertőszéplak
37%
Győrság
37%
Harka
37%
Kunsziget
37%
Mecsér
37%
Ágfalva
33%
Babót
33%
Dunasziget
33%
Fertőrákos
33%
Hegykő
33%
Petőháza
33%
Pinnye
33%
Töltéstava
33%
Vámosszabadi
33%
Bezi
30%
Fertőboz
30%
Kópháza
30%
Máriakálnok
30%
Mosonudvar
30%
Nagycenk
30%
Röjtökmuzsaj
30%
Sopronkövesd
30%
Agyagosszergény
27%
Bezenye
27%
Börcs
27%
Fertőendréd
27%
Fertőhomok
27%
Gyarmat
27%
Gyömöre
27%
Iván
27%
Jobaháza
27%
Károlyháza
27%
Kisbajcs
27%
Lövő
27%
Mihályi
27%
Nagyszentjános
27%
Pereszteg
27%
Rábaszentandrás
27%
Sopronnémeti
27%
Szilsárkány
27%
Acsalag
23%
Bakonyszentlászló
23%
Barbacs
23%
Feketeerdő
23%
Felpéc
23%
Kajárpéc
23%
Koroncó
23%
Mezőörs
23%
Nagybajcs
23%
Rábapordány
23%
Ravazd
23%
Sarród
23%
Vének
23%
Dör
20%
Győrasszonyfa
20%
Győrsövényház
20%
Hidegség
20%
Himod
20%
Lázi
20%
Rábcakapi
20%
Sikátor
20%
Sokorópátka
20%
Sopronhorpács
20%
Táp
20%
Újrónafő
20%
Veszprémvarsány
20%
Bogyoszló
17%
Csér
17%
Dunaszentpál
17%
Mórichida
17%
Rábacsécsény
17%
Sobor
17%
Tápszentmiklós
17%
Tényő
17%
Várbalog
17%
Bágyogszovát
13%
Bodonhely
13%
Csapod
13%
Dénesfa
13%
Ebergőc
13%
Fehértó
13%
Földsziget
13%
Kisbodak
13%
Markotabödöge
13%
Mérges
13%
Páli
13%
Püski
13%
Pusztacsalád
13%
Rábacsanak
13%
Rábakecöl
13%
Rábaszentmihály
13%
Szerecseny
13%
Újkér
13%
Zsira
13%
Árpás
10%
Csáfordjánosfa
10%
Csikvánd
10%
Dunaremete
10%
Egyed
10%
Hövej
10%
Kisfalud
10%
Maglóca
10%
Nagylózs
10%
Rábaszentmiklós
10%
Rétalap
10%
Tárnokréti
10%
Und
10%
Vág
10%
Zsebeháza
10%
Bakonygyirót
7%
Bakonypéterd
7%
Edve
7%
Fenyőfő
7%
Gyóró
7%
Kisbabot
7%
Nemeskér
7%
Nyalka
7%
Rábasebes
7%
Répcevis
7%
Románd
7%
Szakony
7%
Tarjánpuszta
7%
Völcsej
7%
Egyházasfalu
3%
Gyalóka
3%
Magyarkeresztúr
3%
Pásztori
3%
Pázmándfalu
3%
Potyond
3%
Répceszemere
3%
Vásárosfalu
3%
Dózsamajor
0%
Vadosfa
0%
No matching quizzes found
Score Distribution
Percent of People with Each Score
Percentile by Number Answered
Your Score History
You have not taken this quiz